00801nam a22001817a 450000500170000000800430001702000180006005000190007810000280009724501210012525000120024626000480025830000230030650000720032965000870040165100990048870000320058720210512135255.0210512b sp ||||| |||| 00| 0 spa d a978849282063404aE286bA76 20121 aArmitage David. d1965-14aLas declaraciones de Independencia : buna historia global c/ David Armitage ; traducción de Antonio J. Carrasco  a1a ed.  aMadrid, España : bMarcial Pons, c2012.  a236 p. ; b22 cm.  aTitulo original : The Declaration of Independece. A Global History  72lemb aIndependecía vEstudio y enseñanza xHistoria ySiglo XVIIIzAmérica  72lemb aEstados Unidos de América xHistoria yIndependencia Estados Unidos de América,17761 aCarrasco, Antonio J. etr.